000 00292nam a2200109Ia 4500
008 200302s9999 xx 000 0 und d
100 _aFrancis D. K. Ching and Others
245 _aA Global history of Architecture 3rd ed
260 _bJohn Willey and Sons Inc.
260 _c2017
300 _a850
999 _c7153
_d7153